00390nam a22001337a 450000500170000000800410001704100230005808200120008110000230009324500350011626000480015130000320019965000250023120240730135112.0240730b |||||||| |||| 00| 0 eng d aEnglish/Afrikaans  a349 SOU lEnglish/Afrikaans  aThe South African Law Reports  aJohannesburg: bDigma Publications, c1915  bxxxiv, 416 pages; c25 cm.  aLegal practice bLaw